02256cam a22005054i 4500003000900000005001700009008004100026020001500067020001800082035002000100040003300120049000900153082002000162245017400182264004400356300006000400336002100460337002500481338002300506490005500529505049100584526000901075526000901084526000901093526000901102526000901111526000901120526000801129526000801137526000801145526000801153526000801161526000801169650001901177650002501196700003601221700003801257910002801295942001401323994001401337596000601351999016901357980005501526952016901581PE-LiUPU20250731184539.0181227s2018 miua r 000 0 eng d a1720780412 a9781720780410 a(Sirsi) a251216 aPE-LiUPUbspacPE-LiUPUerda aPRUA04a913.32bE3122300aEgypt's role in the Hebrew Bible :bproceedings of the workshop held at the University of Lausanne 22-23 April 2015 /cedited by Thomas Römer and Shirly Ben-Dor Evian. 1aTucson :bUniversity of Arizona,c2018. avii, 84 páginas :bilustraciones ;c28 centímetros. atext2rdacontent aunmediated2rdamedia avolume2rdacarrier0 aJournal of ancient Egyptian interconnections ;v180 aThe Past and Future of "Biblical Egyptology" -- Egyptian Gola in Prophetic and Pentateuchal Traditions: A Socio-Historical Perspective -- The Egyptian-Canaanite Interface as Colonial Encounter: A View from Southwest Canaan -- References to the Pharaoh in the Local Glyptic Assemblage of the Southern Levant during the First Part of the 1st Millennium BCE -- The Role of Egypt in the Formation of the Hebrew Bible -- Joseph, Ahiqar, and Elephantine: The Joseph Story as Diaspora Novella. aP136 aP135 aP134 aP133 aP144 aP143 aP87 aP35 aP20 aP14 aP10 aP06 4aEgiptología. 4aEgipto en la Biblia.1 aBen-Dor Evian, Shirly,eeditor.1 aRömer, Thomas,d1955-,eeditor. adbmbrricrrid20181227 2ddccBOOK aC0bPEPRU a1 a913.32 E31wDEWEYc30641i79395f2021-11-11g4lCCODEBUL1mBULp40.00r0sYtBOOKu2018-12-27xTEOLOGIAPP850COMPRA1FCOMPR2o.STAFF. Colección Teologíad30641 81gALBERTO SANCHEZ Responsable de Automatización r2025-12-03 00:00:00i5l0o913.32 E31p79395te1v45.00w2018-12-27xPGyBKzinventario-2023-12-13102ddc50708GENfP85aBULbBULcGENd2018-12-27eCOMPRAg40.00